[Event "Mistrzostwa Polski Juniorek Mlodszych do lat 14 - OOM Zachodniopomorskie 2023"]
[Site "Darlowek"]
[Date "1899-12-30"]
[Round "2.24"]
[White "Wrona, Faustyna"]
[Black "Mitrega, Lena"]
[Result "1-0"]
[WhiteTitle "II+"]
[BlackTitle "II"]
[WhiteElo "1046"]
[BlackElo "1187"]

1. e4 e5 2. Nf3 Nc6 3. d4 exd4 4. Nxd4 Be7 5. Nxc6 dxc6 6. Bd3 Nf6 7. O-O O-O 8.
Bf4 Re8 9. Nc3 h6 10. Qd2 Bd6 11. e5 Bxe5 12. Bxe5 Bf5 13. Bxf6 Qxf6 14. Bxf5
Qxf5 15. Rad1 Rac8 16. Qd3 Qf6 17. Qd4 Qxd4 18. Rxd4 Rcd8 19. Rdd1 Rd6 20. f3
f5 21. Kf2 Kf7 22. h3 g6 23. Na4 b6 24. Nc3 Red8 25. g4 Rxd1 26. Rxd1 Rxd1 27.
Nxd1 Ke6 28. Ne3 fxg4 29. hxg4 Ke5 30. c3 b5 31. b3 c5 32. Nc2 a5 33. Ke3 h5 34.
f4+ Ke6 35. gxh5 gxh5 36. Ke4 c6 37. Ne3 h4 38. Ng4 h3 39. f5+ Ke7 40. Ke5 Kf7
41. Kd6 1-0

[Event "Mistrzostwa Polski Juniorek Mlodszych do lat 14 - OOM Zachodniopomorskie 2023"]
[Site "Darlowek"]
[Date "1899-12-30"]
[Round "2.25"]
[White "Swiderska, Jagoda"]
[Black "Kaminska, Zuzanna"]
[Result "1-0"]
[WhiteTitle "I"]
[BlackTitle "II"]
[WhiteElo "1186"]
[BlackElo "1040"]

1. e4 c6 2. d4 d5 3. e5 Bf5 4. h4 h5 5. Bd3 Bxd3 6. Qxd3 e6 7. Nf3 Nd7 8. Nbd2
Be7 9. Nb3 Qc7 10. c3 Nh6 11. Bg5 Bxg5 12. hxg5 Ng4 13. Nh4 Nxf2 14. Kxf2 O-O-O
15. Nf3 f6 16. gxf6 gxf6 17. exf6 Nxf6 18. Nc5 Rde8 19. Rae1 1-0

[Event "Mistrzostwa Polski Juniorek Mlodszych do lat 14 - OOM Zachodniopomorskie 2023"]
[Site "Darlowek"]
[Date "1899-12-30"]
[Round "3.1"]
[White "Michalska, Lena"]
[Black "Natoli, Alessia"]
[Result "1/2-1/2"]
[WhiteTitle "I"]
[BlackTitle "k"]
[WhiteElo "1405"]
[BlackElo "1838"]

1. Nf3 Nf6 2. c4 e6 3. d4 Bb4+ 4. Bd2 Qe7 5. a3 Bxd2+ 6. Nbxd2 d5 7. e3 O-O 8.
b4 Nbd7 9. Bd3 e5 10. dxe5 Nxe5 11. Nxe5 Qxe5 12. O-O b6 13. Qc2 dxc4 14. Nxc4
Qe7 15. e4 h6 16. Ne3 Bb7 17. f3 g6 18. Bb5 c5 19. bxc5 Rac8 20. c6 a6 21. Qe2
axb5 22. cxb7 Rc5 23. Rfb1 Qxb7 24. Rxb5 Qc6 25. Rb2 Ra8 26. Rc2 Rc3 27. Qd2 Rc5
28. Qe2 Ra4 29. Raa2 Kg7 30. h3 Ne8 31. Qd3 Nd6 32. Qb3 Ra6 33. Nd5 Nb5 34. Qb2+
f6 35. Nb4 Rxc2 36. Qxc2 Qxc2 37. Nxc2 Kf7 38. Rb2 Nd6 39. Ne3 b5 40. Rb3 Ke6
41. Nd5 Rc6 42. Nf4+ Kf7 43. Ne2 Rc4 1/2-1/2

[Event "Mistrzostwa Polski Juniorek Mlodszych do lat 14 - OOM Zachodniopomorskie 2023"]
[Site "Darlowek"]
[Date "1899-12-30"]
[Round "3.2"]
[White "Gaszka, Zuzanna"]
[Black "Chmielek, Kamelia"]
[Result "1/2-1/2"]
[WhiteTitle "I++"]
[BlackTitle "I+"]
[WhiteElo "1740"]
[BlackElo "1420"]

1. d4 d5 2. c4 dxc4 3. e3 e6 4. Nf3 Nf6 5. Bxc4 a6 6. O-O c5 7. Nc3 b5 8. Be2 Bb7
9. a3 Be7 10. Qc2 Qc7 11. dxc5 Qxc5 12. Nd4 Nbd7 13. Bf3 Bxf3 14. Nxf3 O-O 15.
e4 Rac8 16. Be3 Qc7 17. Qe2 Bd6 18. h3 Qb8 19. Rfd1 Ne5 20. Nd2 Nc4 21. Nxc4 Rxc4
22. Bg5 Be5 23. Rd3 Rfc8 24. Rad1 h6 25. Bxf6 Bxf6 26. Qf3 b4 27. axb4 Rxb4 28.
b3 Bxc3 29. Rxc3 Rxc3 30. Qxc3 Rxb3 31. Qd4 Rb1 32. Rxb1 Qxb1+ 33. Kh2 1/2-1/2

[Event "Mistrzostwa Polski Juniorek Mlodszych do lat 14 - OOM Zachodniopomorskie 2023"]
[Site "Darlowek"]
[Date "1899-12-30"]
[Round "3.3"]
[White "Branka, Julia"]
[Black "Moczala, Maja"]
[Result "0-1"]
[WhiteTitle "I"]
[BlackTitle "I++"]
[WhiteElo "1324"]
[BlackElo "1707"]

1. e4 c5 2. c3 d5 3. exd5 Qxd5 4. d4 Nf6 5. Nf3 Bg4 6. Be2 cxd4 7. cxd4 e6 8. h3
Bh5 9. O-O a6 10. Be3 Be7 11. Nc3 Qd6 12. a3 O-O 13. Qb3 Nc6 14. Rfd1 Rfd8 15.
d5 exd5 16. g4 Bg6 17. g5 Ne4 18. Rxd5 Qe6 19. Qxb7 Nxc3 20. Rxd8+ Rxd8 21. bxc3
Be4 22. Nd2 Bf5 23. Bf1 Bd6 24. Bg2 Ne5 25. Qd5 Qd7 26. Nc4 Nxc4 27. Qxc4 Bxh3
28. Qc6 Qe6 29. Qe4 Qd7 30. Bd4 Bxg2 31. Qxg2 Qe6 32. a4 Be5 33. a5 Bxd4 34. cxd4
Qd5 35. Qxd5 Rxd5 36. Rc1 Rxg5+ 37. Kf1 Kf8 38. Rc5 Rxc5 39. dxc5 Ke7 40. Ke2
Ke6 41. Kd3 Kd5 42. c6 Kxc6 43. Kc4 h5 44. Kd4 h4 0-1

[Event "Mistrzostwa Polski Juniorek Mlodszych do lat 14 - OOM Zachodniopomorskie 2023"]
[Site "Darlowek"]
[Date "1899-12-30"]
[Round "3.4"]
[White "Babinska, Liwia"]
[Black "Klintsevich, Aliaksandra"]
[Result "1-0"]
[WhiteTitle "I"]
[BlackTitle "I"]
[WhiteElo "1294"]
[BlackElo "1541"]

1. e4 c5 2. Nf3 d6 3. d4 cxd4 4. Nxd4 Nf6 5. Nc3 g6 6. f3 Bg7 7. Be3 Nc6 8. Bc4
Qb6 9. Nf5 Qxb2 10. Nxg7+ Kf8 11. Nd5 Kxg7 12. O-O Rd8 13. Qd2 Kg8 14. Nxe7+ Nxe7
15. Bd4 Qa3 16. Bxf6 Kf8 17. Qh6+ Ke8 18. Bxf7+ Kd7 19. Bxe7 Kxe7 20. Qxh7 Qc5+
21. Kh1 1-0

[Event "Mistrzostwa Polski Juniorek Mlodszych do lat 14 - OOM Zachodniopomorskie 2023"]
[Site "Darlowek"]
[Date "1899-12-30"]
[Round "3.5"]
[White "Kawka, Milena"]
[Black "Borowik, Monika"]
[Result "1-0"]
[WhiteTitle "I+"]
[BlackTitle "I"]
[WhiteElo "1522"]
[BlackElo "1372"]

1. e4 c5 2. Nf3 e6 3. d4 cxd4 4. Nxd4 a6 5. Bd3 Nc6 6. Nb3 Qc7 7. Be3 Nf6 8. O-O
Be7 9. Nc3 b5 10. f4 d6 11. a3 g6 12. Qe2 Bb7 13. Rad1 h5 14. h3 h4 15. Qf2 Nd7
16. Ne2 Na5 17. Nxa5 Qxa5 18. Nc3 Qc7 19. Bd4 Rg8 20. Be2 Nc5 21. Bf3 O-O-O 22.
e5 d5 23. b4 Nd7 24. Rd3 g5 25. Ne2 Bc6 26. Rc3 Kb7 27. Re1 Nb6 28. Bxb6 Qxb6
29. Qxb6+ Kxb6 30. Nd4 Bd7 31. f5 Rc8 32. Ree3 Rc4 33. Rxc4 bxc4 34. Bh5 Rf8 35.
f6 Bd8 36. Nf3 Kb5 37. Kf1 Bb6 38. Re2 Ka4 39. Nxg5 c3 40. Bxf7 Bb5 41. Bxe6 Bd8
42. Bxd5 Kxa3 43. Ne6 Rh8 44. Nxd8 Rxd8 45. f7 Rxd5 46. f8=Q Rxe5 47. Qf6 Rxe2
48. Qxc3+ Ka2 49. Qb3+ Ka1 50. c4 Rb2 51. Qa3+ Kb1 52. cxb5 axb5 53. Qd3+ Kc1
54. Qxb5 1-0

[Event "Mistrzostwa Polski Juniorek Mlodszych do lat 14 - OOM Zachodniopomorskie 2023"]
[Site "Darlowek"]
[Date "1899-12-30"]
[Round "3.6"]
[White "Wojs, Alicja"]
[Black "Wieczorek, Maja"]
[Result "1-0"]
[WhiteTitle "I++"]
[BlackTitle "I"]
[WhiteElo "1639"]
[BlackElo "1308"]

1. e4 c5 2. Nf3 Nc6 3. d4 cxd4 4. Nxd4 d6 5. g3 Nf6 6. Nc3 e5 7. Nde2 Be7 8. Bg2
Be6 9. O-O Qd7 10. Nd5 O-O 11. b3 Bh3 12. Ba3 Bxg2 13. Nxf6+ Bxf6 14. Kxg2 Rfd8
15. c4 a6 16. Nc3 Ne7 17. Qd3 Qg4 18. h3 Qg5 19. Rad1 Ng6 20. Kh2 h5 21. Bxd6
h4 22. c5 Be7 23. Nd5 Bxd6 24. cxd6 Rac8 25. Ne3 hxg3+ 26. fxg3 Ne7 27. Nf5 Ng6
28. Rf2 Rd7 29. Qf3 Kh7 30. h4 Qd8 31. h5 Nf8 32. Ne7 Rxe7 33. dxe7 Qxe7 34. Qf5+
1-0

[Event "Mistrzostwa Polski Juniorek Mlodszych do lat 14 - OOM Zachodniopomorskie 2023"]
[Site "Darlowek"]
[Date "1899-12-30"]
[Round "3.7"]
[White "Duda, Aleksandra"]
[Black "Kucia, Kinga"]
[Result "1/2-1/2"]
[WhiteTitle "I++"]
[BlackTitle "I"]
[WhiteElo "1570"]
[BlackElo "1253"]

1. e4 c5 2. Nc3 Nc6 3. d3 g6 4. Be3 d6 5. Qd2 Bg7 6. g3 Nf6 7. Bh6 O-O 8. Bxg7
Kxg7 9. h4 h5 10. Bg2 Bd7 11. Nge2 Rb8 12. O-O b5 13. Nd1 b4 14. Ne3 a5 15. Nf4
Ne5 16. a3 b3 17. c3 a4 18. d4 cxd4 19. cxd4 Nc6 20. Rac1 Rc8 21. Rfd1 Qa5 22.
Rc3 Na7 23. Nfd5 Rxc3 24. Nxc3 Rc8 25. Rc1 Nb5 26. Ned1 Rc4 27. d5 Nxc3 28. Nxc3
Ng4 29. Bf1 Ne5 30. Kg2 Rc5 31. Qd4 Kg8 32. Be2 Bg4 33. f3 Bd7 34. Rf1 Qa7 35.
f4 Ng4 36. e5 Ra5 37. Qxa7 Rxa7 38. Bxg4 hxg4 39. exd6 exd6 40. Ne4 Bb5 41. Rc1
Be2 42. Nxd6 Bf3+ 43. Kf2 Bxd5 44. Nc8 Rb7 45. Rc5 Be6 46. Ke3 Rb8 47. Nd6 Rd8
48. Rc6 Kf8 49. Ra6 Bd7 50. Kd4 Ke7 51. Kc3 Be6 52. Ne4 Rc8+ 53. Kd4 Rc2 54. Ra7+
Kd8 55. Rxa4 Rxb2 56. Rb4 Ra2 57. a4 b2 58. Kc3 Bf5 59. Nd2 b1=Q 60. Nxb1 Bxb1
61. Rxb1 Rxa4 62. Rb3 Ra6 63. Kd4 Re6 64. Rb5 f5 65. Re5 Rxe5 66. Kxe5 Ke7 67.
h5 gxh5 68. Kxf5 h4 69. Kxg4 hxg3 70. Kxg3 Kf6 71. Kg4 Kg6 72. f5+ 1/2-1/2

[Event "Mistrzostwa Polski Juniorek Mlodszych do lat 14 - OOM Zachodniopomorskie 2023"]
[Site "Darlowek"]
[Date "1899-12-30"]
[Round "3.8"]
[White "Kicinska, Anna"]
[Black "Palejko, Gabriela"]
[Result "1/2-1/2"]
[WhiteTitle "I++"]
[BlackTitle "I"]
[WhiteElo "1424"]
[BlackElo "1344"]

1. d4 d5 2. Nf3 Nf6 3. Bg5 e6 4. e3 Be7 5. Bd3 h6 6. Bh4 O-O 7. Nbd2 b6 8. O-O
Nbd7 9. c3 c5 10. Ne5 Bb7 11. f4 Re8 12. Qf3 Rf8 13. g4 Nxe5 14. fxe5 Ne4 15.
Bxe7 Nxd2 16. Bxd8 Nxf3+ 17. Rxf3 Raxd8 18. Raf1 a6 19. h4 g6 20. Rf6 Kg7 21.
R1f2 Bc8 22. Kf1 a5 23. a3 c4 24. Bc2 b5 25. g5 h5 26. Kg2 a4 27. Kh2 Rde8 28.
R2f4 Rd8 29. e4 Bb7 30. exd5 Bxd5 31. Kg3 Rde8 1/2-1/2

[Event "Mistrzostwa Polski Juniorek Mlodszych do lat 14 - OOM Zachodniopomorskie 2023"]
[Site "Darlowek"]
[Date "1899-12-30"]
[Round "3.9"]
[White "Lukasik, Aleksandra"]
[Black "Obukhava, Anastasiya"]
[Result "0-1"]
[WhiteTitle "I"]
[BlackTitle "I"]
[WhiteElo "1236"]
[BlackElo "1610"]

1. e4 c5 2. Nf3 e6 3. d4 cxd4 4. Nxd4 Nf6 5. Bd3 Nc6 6. Nxc6 bxc6 7. O-O d5 8.
Nd2 Qb6 9. c4 Be7 10. Qe2 O-O 11. b3 Bb7 12. Bb2 Rad8 13. Rac1 d4 14. e5 Nd7 15.
Nf3 Nc5 16. Rcd1 Nxd3 17. Rxd3 c5 18. Rfd1 a5 19. Bc1 Qc6 20. Bd2 Ra8 21. a4 Qe4
22. Re1 Qg6 23. Bf4 h5 24. Kh1 Rfb8 25. Rg1 Be4 26. Rdd1 Bc2 27. Ra1 Rxb3 28.
Nd2 Rb4 29. Qf3 Rab8 30. Qc6 Qd3 31. Qd7 R4b7 32. Qc6 g5 33. Bxg5 Bxg5 34. Nf3
Be7 35. Ne1 Qxc4 36. Nxc2 Qxc2 37. Qf3 Qf5 38. Qxf5 exf5 39. h3 Rb2 40. g4 hxg4
41. hxg4 f4 42. f3 Kg7 43. Rg2 Rxg2 44. Kxg2 Rb2+ 45. Kf1 c4 46. Rd1 d3 47. Rc1
Rc2 48. Rb1 Bb4 49. Ra1 d2 50. Ke2 Rc1 51. Rxc1 dxc1=Q 52. Kf2 Qe1+ 53. Kg2 Qg3+
54. Kf1 Qxf3+ 55. Kg1 Bc5+ 56. Kh2 Qg3+ 57. Kh1 Qg1# 0-1

[Event "Mistrzostwa Polski Juniorek Mlodszych do lat 14 - OOM Zachodniopomorskie 2023"]
[Site "Darlowek"]
[Date "1899-12-30"]
[Round "3.10"]
[White "Miklosz, Malgorzata"]
[Black "Konkol, Sandra"]
[Result "0-1"]
[WhiteTitle "I"]
[BlackTitle "I+"]
[WhiteElo "1226"]
[BlackElo "1468"]

1. d4 d5 2. Nf3 e6 3. g3 c5 4. e3 Nc6 5. b3 Nf6 6. Bg2 Be7 7. Bb2 O-O 8. O-O b6
9. Nbd2 Ba6 10. Re1 Rc8 11. Rc1 c4 12. c3 b5 13. b4 Re8 14. e4 Bxb4 15. e5 Nd7
16. cxb4 Nxb4 17. a3 Nd3 18. Bc3 Nxc1 19. Qxc1 Qb6 20. Bb4 Bb7 21. Qc3 Nb8 22.
Rb1 Na6 23. Ba5 Qc6 24. Ne1 Nc7 25. Bb4 Na8 26. Nc2 Nb6 27. Bd6 Na4 28. Qa5 a6
29. Nf1 c3 30. Nfe3 Nb2 31. Bc5 Nd3 32. Bd6 f6 33. f4 g5 34. Ng4 gxf4 35. Nxf6+
Kh8 36. Nxe8 Rxe8 37. Bf1 Nb2 38. Nb4 c2 39. Rc1 Qc3 40. Rxc2 Qxd4+ 41. Kg2 f3+
42. Kxf3 Qe4+ 43. Kf2 Nd1+ 44. Kg1 Qe3+ 45. Kg2 d4+ 46. Nc6 Qe4+ 47. Kg1 Qxc2
48. Qe1 Bxc6 49. Be2 Qe4 50. Bxd1 Qxe1# 0-1

[Event "Mistrzostwa Polski Juniorek Mlodszych do lat 14 - OOM Zachodniopomorskie 2023"]
[Site "Darlowek"]
[Date "1899-12-30"]
[Round "3.11"]
[White "Rusiecki, Katarzyna"]
[Black "Czarkowska, Dalia"]
[Result "1-0"]
[WhiteTitle "I+"]
[BlackTitle "I"]
[WhiteElo "1370"]
[BlackElo "1209"]

1. d4 d5 2. c4 c6 3. e3 Bf5 4. Nf3 Nf6 5. Nc3 e6 6. Qb3 Qc7 7. cxd5 exd5 8. Bd2
Be7 9. Rc1 Qb6 10. Be2 O-O 11. O-O Nbd7 12. Na4 Qxb3 13. axb3 Ne4 14. Be1 Rac8
15. b4 Nd6 16. b3 Nb5 17. h3 h6 18. g4 Be6 19. Nc5 Nxc5 20. bxc5 f6 21. Nh4 f5
22. Ng6 Rf7 23. Ne5 Rf6 24. f4 g5 25. Bg3 Bd8 26. Bd3 gxf4 27. Bxf4 fxg4 28. hxg4
Bc7 29. Kh2 Rcf8 30. Kg3 Bc8 31. Rh1 Bxe5 32. dxe5 R6f7 33. Rxh6 Rg7 34. Bg6 Rc7
35. Rch1 Kg7 36. e6 Re7 37. Be5+ Rf6 38. g5 Rexe6 39. gxf6+ Rxf6 40. Bd3 Kf7 41.
Rxf6+ Ke7 42. Rh7+ Ke8 43. Bg6+ Kd8 44. Rf8# 1-0

[Event "Mistrzostwa Polski Juniorek Mlodszych do lat 14 - OOM Zachodniopomorskie 2023"]
[Site "Darlowek"]
[Date "1899-12-30"]
[Round "3.12"]
[White "Mansz, Martyna"]
[Black "Strzoda, Natalia"]
[Result "1-0"]
[WhiteTitle "I"]
[BlackTitle "I"]
[WhiteElo "1208"]
[BlackElo "1348"]

1. c4 e6 2. d4 d5 3. e3 Nf6 4. Nc3 Be7 5. Nf3 O-O 6. Be2 a6 7. a3 dxc4 8. Bxc4
b5 9. Bd3 Bb7 10. O-O Nbd7 11. Ng5 h6 12. Nge4 Rc8 13. b4 Nb6 14. Nc5 Bxc5 15.
dxc5 Nbd5 16. Bb2 Rb8 17. Rc1 Nxc3 18. Bxc3 Qd5 19. f3 Rfd8 20. Bxf6 gxf6 21.
Rc3 Rd7 22. Qc2 f5 23. e4 fxe4 24. fxe4 Qd4+ 25. Kh1 Rbd8 26. c6 Bxc6 27. Rxc6
Qxd3 28. Qxd3 Rxd3 29. Rxc7 R8d7 30. Rxd7 Rxd7 31. Kg1 Rd3 32. Rf3 Rd4 33. Re3
Kg7 34. Kf2 Kf6 35. Kf3 Ke5 36. g4 Rd2 37. h4 Kd4 38. e5 Rd3 39. Rxd3+ Kxd3 40.
h5 Kd4 41. Kf4 Kc3 42. g5 hxg5+ 43. Kxg5 Kb3 44. h6 Kxa3 45. h7 Kxb4 46. h8=Q
Ka4 47. Qh4+ b4 48. Qc4 a5 49. Kf6 Ka3 50. Qc1+ Kb3 51. Qb1+ Kc4 52. Qa2+ Kb5
53. Kxf7 a4 54. Kxe6 a3 55. Qb3 1-0

[Event "Mistrzostwa Polski Juniorek Mlodszych do lat 14 - OOM Zachodniopomorskie 2023"]
[Site "Darlowek"]
[Date "1899-12-30"]
[Round "3.13"]
[White "Pawlikowska, Ewa"]
[Black "Doskocz, Dominika"]
[Result "0-1"]
[WhiteTitle "I"]
[BlackTitle "I"]
[WhiteElo "1343"]
[BlackElo "1193"]

1. e4 e5 2. Nf3 Nc6 3. Bb5 a6 4. Ba4 b5 5. Bb3 Nf6 6. O-O Bc5 7. a4 b4 8. Nxe5
Nxe5 9. d4 Bxd4 10. Qxd4 Nc6 11. Qc5 Qe7 12. Qxe7+ Nxe7 13. f3 d6 14. a5 Be6 15.
Ba4+ Bd7 16. Nd2 Bxa4 17. Rxa4 Nc6 18. Re1 O-O 19. Nc4 Rfe8 20. Bd2 Rab8 21. b3
d5 22. exd5 Rxe1+ 23. Bxe1 Nxd5 24. Kf2 Nd4 25. Ra2 Re8 26. Bd2 Re2+ 27. Kg3 Nf5+
28. Kg4 g6 29. Ra1 h5+ 30. Kh3 Rxd2 31. g3 Rxc2 32. Rd1 Nde3 33. Nxe3 Nxe3 34.
Rd3 Nf1 35. Kh4 Rxh2+ 36. Kg5 Kg7 37. Rd7 Ra2 38. Rxc7 Rxa5+ 39. Kh4 Rf5 40. f4
Ra5 41. Rb7 Rb5 42. Ra7 a5 43. Kh3 Nd2 44. Kh4 Nxb3 45. Kh3 Nc5 46. Kg2 b3 47.
Kf3 b2 48. Kg2 b1=Q 49. Kf3 Qd3+ 50. Kg2 Rb2+ 51. Kh3 Ne4 52. Kh4 Qxg3# 0-1

[Event "Mistrzostwa Polski Juniorek Mlodszych do lat 14 - OOM Zachodniopomorskie 2023"]
[Site "Darlowek"]
[Date "1899-12-30"]
[Round "3.14"]
[White "Bastrzyk, Kinga"]
[Black "Opalka, Marta"]
[Result "0-1"]
[WhiteTitle "II+"]
[BlackTitle "I"]
[WhiteElo "1175"]
[BlackElo "1330"]

1. e4 e6 2. d4 d5 3. e5 c5 4. c3 Nc6 5. Nf3 Qb6 6. a3 c4 7. Nbd2 Na5 8. Be2 Bd7
9. O-O Be7 10. Rb1 Rc8 11. Qc2 h6 12. Bd1 Bb5 13. a4 Ba6 14. Re1 g5 15. h3 Kd7
16. b4 cxb3 17. Nxb3 Qc7 18. Nxa5 Qxa5 19. Bd2 Qc7 20. Qb3 Bd3 21. Bc2 Bxc2 22.
Qxc2 Bd8 23. Qb3 b6 24. Rec1 Qc4 25. Qb5+ Ke7 26. Qb4+ Ke8 27. Qb5+ Kf8 28. Rb4
Qxb5 29. axb5 f5 30. exf6 Bxf6 31. Re1 Kf7 32. Ne5+ Bxe5 33. Rxe5 Ne7 34. Re3
Nf5 35. Rf3 Kg6 36. Ra4 Rc7 37. g4 Nd6 38. Rb4 Ne4 39. Be1 Rhc8 40. Rb3 Rc4 41.
Ra3 R4c7 42. Re3 Kf6 43. f3 Nd6 44. Rb3 Rc4 45. Bg3 Ke7 46. Bxd6+ Kxd6 47. Ra3
R4c7 48. Kf2 Re8 49. Ra2 e5 50. Rc2 Ree7 51. dxe5+ Rxe5 52. Rxe5 Kxe5 53. Kg3
Rc5 54. Re2+ Kd6 55. Ra2 Rxc3 56. Rxa7 d4 57. Rh7 d3 58. Rxh6+ Kc5 59. Kf2 Kxb5
60. Rd6 Kc5 61. Rd8 b5 62. Ke1 b4 63. Kd2 Kc4 64. Rg8 Rc2+ 65. Kd1 b3 66. Rc8+
Kd4 67. Rxc2 bxc2+ 68. Kd2 c1=Q+ 69. Kxc1 Ke3 70. Kd1 d2 71. f4 gxf4 72. g5 f3
73. g6 f2 74. Kc2 f1=Q 75. g7 Qc1+ 76. Kb3 d1=Q+ 77. Kb4 Qdd2+ 78. Kb5 Qdb2+ 79.
Ka4 Qca1# 0-1

[Event "Mistrzostwa Polski Juniorek Mlodszych do lat 14 - OOM Zachodniopomorskie 2023"]
[Site "Darlowek"]
[Date "1899-12-30"]
[Round "3.15"]
[White "Oszutowska, Anna"]
[Black "Swiderska, Jagoda"]
[Result "1-0"]
[WhiteTitle "I"]
[BlackTitle "I"]
[WhiteElo "1299"]
[BlackElo "1186"]

1. e4 c5 2. Nf3 e6 3. d4 cxd4 4. Nxd4 Nf6 5. Nc3 d6 6. Be2 Be7 7. O-O O-O 8. Be3
a6 9. Qd2 Qc7 10. f4 b6 11. Bf3 Bb7 12. Qf2 Rd8 13. f5 e5 14. Nb3 Nbd7 15. h4
Nc5 16. Nxc5 bxc5 17. Rad1 Qb6 18. Bc1 h6 19. g4 Nh7 20. Kh2 Rd7 21. Rg1 Qd8 22.
Kh3 Bc6 23. Qg3 f6 24. Be2 Qa5 25. Bc4+ Kh8 26. Nd5 Bxd5 27. Bxd5 Rb8 28. Rd3
Qc7 29. Qg2 Rb4 30. c3 Rb8 31. Rg3 Qd8 32. Kh2 Rb6 33. Bf7 Rb8 34. Bg6 Kg8 35.
Qh3 d5 36. exd5 Rxd5 37. Bxh7+ Kxh7 38. g5 Bf8 39. gxh6 gxh6 40. Qg2 Rd7 41. Rg8
Qc7 42. Qg6# 1-0

[Event "Mistrzostwa Polski Juniorek Mlodszych do lat 14 - OOM Zachodniopomorskie 2023"]
[Site "Darlowek"]
[Date "1899-12-30"]
[Round "3.16"]
[White "Pietrzak, Antonina"]
[Black "Walewska, Natalia"]
[Result "1/2-1/2"]
[WhiteTitle "I"]
[BlackTitle "I"]
[WhiteElo "1104"]
[BlackElo "1297"]

1. e4 e5 2. Nf3 Nc6 3. Bc4 Bc5 4. d3 Nf6 5. Nc3 h6 6. Be3 Bb6 7. Bxb6 axb6 8. O-O
d6 9. h3 g5 10. Nh2 h5 11. Qd2 g4 12. h4 Na5 13. Bb3 Nxb3 14. axb3 Ra6 15. g3
Be6 16. Ra3 Rxa3 17. bxa3 d5 18. exd5 Nxd5 19. Ne4 Bf5 20. f3 gxf3 21. Rxf3 Ne7
22. Nf6+ Kf8 23. Qe2 Qd4+ 24. Qf2 Qxf2+ 25. Kxf2 Kg7 26. Ne4 Bxe4 27. dxe4 Rd8
28. Ke2 Nc6 29. Rd3 Nd4+ 30. Kf2 Ra8 31. Nf3 Nxc2 32. Rc3 Nd4 33. a4 Nxf3 34.
Kxf3 Rc8 35. g4 Kh6 36. g5+ Kg6 37. Kg3 f6 38. gxf6 Kxf6 39. Rf3+ Ke6 40. Rf5
Rh8 41. Rg5 Rh6 42. Kf3 Rh7 43. Ke3 1/2-1/2

[Event "Mistrzostwa Polski Juniorek Mlodszych do lat 14 - OOM Zachodniopomorskie 2023"]
[Site "Darlowek"]
[Date "1899-12-30"]
[Round "3.17"]
[White "Nowak, Emilia"]
[Black "Oleksiuk, Anna"]
[Result "1-0"]
[WhiteTitle "I"]
[BlackTitle "II"]
[WhiteElo "1252"]
[BlackElo "1119"]

1. e4 c5 2. Nf3 d6 3. c3 Nf6 4. h3 Nbd7 5. Bd3 e6 6. Bc2 a6 7. d4 Qc7 8. a4 b6
9. O-O Be7 10. Re1 Bb7 11. Nbd2 cxd4 12. cxd4 Rc8 13. Bd3 e5 14. d5 Nc5 15. Bb1
O-O 16. Nf1 a5 17. Bd2 Ba6 18. Ng3 Bd3 19. b4 Bxb1 20. bxc5 Bd3 21. Qb3 Bxe4 22.
Nxe4 bxc5 23. Qc3 Ra8 24. Rab1 Qd7 25. Qc4 Nxe4 26. Rxe4 f5 27. Re3 e4 28. Ne1
Bg5 29. Re2 Bxd2 30. Rxd2 Qe7 31. Rdb2 e3 32. Rb7 exf2+ 33. Kxf2 Qg5 34. Nf3 Qh6
35. Qc3 g5 36. Qe3 Rae8 37. Qxg5+ Qxg5 38. Nxg5 c4 39. Ne6 Rf6 40. Rc7 Rg6 41.
Rb6 Kh8 42. Rxc4 Reg8 43. Nf4 Rg3 44. Rxd6 Ra3 45. Rd7 Ra2+ 46. Kg1 Ra1+ 47. Kh2
Ra2 48. Rcc7 Rg7 49. Rxg7 h5 50. Ng6# 1-0

[Event "Mistrzostwa Polski Juniorek Mlodszych do lat 14 - OOM Zachodniopomorskie 2023"]
[Site "Darlowek"]
[Date "1899-12-30"]
[Round "3.18"]
[White "Gajda, Anna"]
[Black "Wrona, Faustyna"]
[Result "1/2-1/2"]
[WhiteTitle "I"]
[BlackTitle "II+"]
[WhiteElo "1248"]
[BlackElo "1046"]

1. e4 e5 2. Nf3 Nc6 3. Bb5 Nge7 4. Nc3 g6 5. d4 Bg7 6. Nd5 Nxd4 7. Nxd4 exd4 8.
Bg5 c6 9. Nf6+ Bxf6 10. Bxf6 Rg8 11. Bc4 Qa5+ 12. Kf1 c5 13. Qf3 b5 14. Bxe7 bxc4
15. Qf6 d5 16. Bd6 Qd8 17. Qxd8+ Kxd8 18. exd5 Bf5 19. Bxc5 d3 20. cxd3 Bxd3+
21. Ke1 Re8+ 22. Be3 Re5 23. Kd2 Rxd5 24. Kc3 Kc7 25. Rhd1 Kb7 26. Rd2 Rc8 27.
Rad1 a5 28. Re1 Ka6 29. Bh6 Rd7 30. Bg5 Rd5 31. h4 a4 32. Re7 Rf5 33. Be3 Kb5
34. Rb7+ Ka6 35. Ra7+ Kb5 36. Bg5 Re8 37. Be3 Rc8 38. Rb7+ Ka5 39. Rb4 Rb5 40.
Rxb5+ Kxb5 41. Rd1 Re8 42. Rh1 f5 43. g3 Rd8 44. Rd1 Re8 45. Rd2 Ra8 46. b3 axb3
47. axb3 Ra3 48. Rb2 Be4 49. Bg5 Bd5 50. Be7 Rxb3+ 51. Rxb3+ cxb3 52. f3 Kc6 53.
g4 fxg4 54. fxg4 h5 55. gxh5 gxh5 56. Bg5 1/2-1/2

[Event "Mistrzostwa Polski Juniorek Mlodszych do lat 14 - OOM Zachodniopomorskie 2023"]
[Site "Darlowek"]
[Date "1899-12-30"]
[Round "3.19"]
[White "Szczepanska, Jagoda"]
[Black "Nurkiewicz, Anna"]
[Result "1-0"]
[WhiteTitle "II+"]
[BlackTitle "I+"]
[WhiteElo "1107"]
[BlackElo "1361"]

1. e4 c5 2. Nf3 e6 3. Nc3 a6 4. d4 cxd4 5. Nxd4 Qc7 6. Bd3 Nf6 7. Bd2 Bc5 8. Nb3
Ba7 9. O-O Nc6 10. Kh1 Nb4 11. Be2 d5 12. Bd3 Nxd3 13. cxd3 dxe4 14. dxe4 e5 15.
f4 O-O 16. f5 b5 17. Bg5 Qb6 18. Nd5 Nxd5 19. Qxd5 Bb8 20. Nc5 Ra7 21. Rfd1 Rc7
22. b4 Rc6 23. Bd8 Bc7 24. Bxc7 Qxc7 25. a3 Re8 26. Rac1 Qb6 27. Nd7 Rd8 28. Rxc6
Qb7 29. Nf6+ gxf6 30. Qxd8+ Kg7 1-0

[Event "Mistrzostwa Polski Juniorek Mlodszych do lat 14 - OOM Zachodniopomorskie 2023"]
[Site "Darlowek"]
[Date "1899-12-30"]
[Round "3.20"]
[White "Walerjan, Ada"]
[Black "Dzierzgowska, Jagoda"]
[Result "1-0"]
[WhiteTitle "I"]
[BlackTitle "I"]
[WhiteElo "1219"]
[BlackElo "1219"]

1. e4 e6 2. d4 d5 3. Nd2 c5 4. Ngf3 Nc6 5. exd5 exd5 6. Bb5 a6 7. Bxc6+ bxc6 8.
O-O Bd6 9. dxc5 Bxc5 10. Nb3 Bb6 11. Re1+ Ne7 12. Qe2 Bg4 13. Bf4 Bxf3 14. Qxf3
O-O 15. Re2 Ng6 16. Bg3 Qd7 17. Rae1 Rfe8 18. h3 h6 19. Qg4 Red8 20. Qxd7 Rxd7
21. Re8+ Rxe8 22. Rxe8+ Kh7 23. Ra8 Ra7 24. Rb8 Bc7 25. Bxc7 Rxc7 26. Ra8 Re7
27. Kf1 Ne5 28. Rxa6 Rb7 29. f4 Nc4 30. Rxc6 Nxb2 31. Ke2 Na4 32. Nc5 Re7+ 33.
Kf3 Nc3 34. a4 Ne2 35. Nb3 d4 36. a5 Re3+ 37. Kf2 Nxf4 38. Nxd4 Ra3 39. Nb3 Nd5
40. Ke2 Nb4 41. Rc7 f6 42. Kd2 Nd5 43. Rc4 Kg6 44. Kc1 1-0

[Event "Mistrzostwa Polski Juniorek Mlodszych do lat 14 - OOM Zachodniopomorskie 2023"]
[Site "Darlowek"]
[Date "1899-12-30"]
[Round "3.21"]
[White "Kretowicz, Daria"]
[Black "Szczap, Malgorzata"]
[Result "1-0"]
[WhiteTitle "I"]
[BlackTitle "II"]
[WhiteElo "1163"]
[BlackElo "1103"]

1. e4 e6 2. d4 d5 3. exd5 exd5 4. Bd3 Nc6 5. c3 Be6 6. Nf3 Bd6 7. Be3 Nge7 8. Qc2
g6 9. O-O Bf5 10. Re1 Bxd3 11. Qxd3 O-O 12. Bh6 Re8 13. Bg5 Qc8 14. Nbd2 Nf5 15.
Rxe8+ Qxe8 16. Re1 Qd7 17. Bf6 Re8 18. Rxe8+ Qxe8 19. Ng5 h6 20. Ngf3 Qe6 21.
Bh4 Na5 22. Bg3 Nc4 23. Nxc4 dxc4 24. Qd2 Qe4 25. a3 g5 26. Bxd6 cxd6 27. h3 Qb1+
28. Kh2 Qd3 29. Kg1 Nh4 30. Qxd3 cxd3 31. Nd2 f5 32. g3 Ng6 33. c4 Kf7 34. Kf1
Ke7 35. Ke1 g4 36. h4 f4 37. Ne4 f3 38. Kd2 Nf8 39. Kxd3 Ne6 40. b4 b6 41. c5
dxc5 42. dxc5 bxc5 43. Nxc5 Nc7 44. Kc4 Kd6 45. a4 Kc6 46. b5+ Kb6 47. Nb3 Na8
48. a5+ Kc7 49. Nd4 Kb7 50. Nf5 h5 51. Ng7 Nc7 52. Nxh5 Ne8 53. Kc5 Kc7 54. Nf4
Nf6 55. Nd5+ Nxd5 56. Kxd5 Kb7 57. h5 a6 58. b6 Kb8 59. h6 Ka8 60. h7 Kb7 61.
Kc5 Ka8 62. h8=Q+ Kb7 63. Qg7+ Kb8 64. Qc7+ Ka8 65. Qa7# 1-0